000 00249nam a2200097Ia 4500
001 1167501
005 20250827011820.0
008 250824s9999 xx 000 0 und d
245 0 _aSİS NASIL OLSA DAĞILIR
_cAHMET MELİH KARAUĞUZ
260 _bKETEBE
999 _c1167501
_d1167501